000 002340000a22001210004500
041 0 _aENG
082 0 4 _aCD 037
100 1 _aHoliday, Billie
245 1 0 _aGod Bless The Child
505 0 0 _aCuento cantado
001 1028
942 _cLGB
999 _c48204
_d48204